| 000 | 00712nam a2200229Ia 4500 | ||
|---|---|---|---|
| 003 | OSt | ||
| 005 | 20220923213737.0 | ||
| 006 | a|||||r|||| 00| 0 | ||
| 007 | ta | ||
| 008 | 220922b |||||||| |||| 00| 0 hin d | ||
| 024 | _a164,311 | ||
| 037 | _cTextual | ||
| 040 |
_aARTS _cARTS _bhin |
||
| 041 |
_2hin _ahin |
||
| 082 | _aO152,1M89,18:g(P:75), L5 | ||
| 100 |
_aदीक्षित, विनोद _9156369 |
||
| 245 | 0 | _aकामायनी में अलंकार योजना | |
| 246 | _aKāmāyanī mean alankār yojanā | ||
| 260 | _c1975 | ||
| 942 |
_hO152,1M89,18:g(P:75), L5 _cTEXL _2CC |
||
| 999 |
_c318791 _d318791 |
||